00000000nam##2200000za#4500
0019.669850
003CaOODSP
00520210615125109
007ta
008150407|2008||||xxc|||||     f|0| 0 fre|d
020 |a978-0-662-05546-4
040 |aCaOODSP|bfre
041 |aeng
041 |afre
043 |an-cn---
0861 |aV32-105/2008
1101 |aCanada. |bAnciens combattants Canada.
24513|aLe Canada se souvient de la Guerre de Corée
260 |aOttawa - Ontario : |bAnciens Combattants Canada |cc2008.
300 |aTexte français, [2]p. : |bill. ; |c28 cm.
563 |aDépliant
590 |a08-44|b2008-10-31
69107|aCommémoration|2gcpds
7760#|tLe Canada se souvient de la Guerre de Corée |w(CaOODSP)9.635881
7760#|tCanada remembers the Korean War |w(CaOODSP)9.691553
791 |tCanada remembers the Korean War |eeng|w(CaOODSP)9.669849